[Event "COL-ch U20"]
[Site "Bogota"]
[Date "2025.02.02"]
[Round "8"]
[White "Gutierrez Pama, Andres Mauricio"]
[Black "Campo Jimenez, David"]
[Result "1/2-1/2"]
[WhiteElo "1729"]
[BlackElo "1914"]
[PlyCount "66"]
[EventDate "2025.01.29"]
[EventType "tourn"]
[EventRounds "9"]
[EventCountry "COL"]
[SourceTitle "CB06_2025"]
[SourceDate "2025.02.05"]
[SourceVersion "1"]
[SourceVersionDate "2025.02.05"]
[SourceQuality "1"]

1. e4 c5 2. Nf3 g6 3. c3 d5 4. exd5 Qxd5 5. d4 Bg7 6. Be3 cxd4 7. cxd4 Nf6 8. Nc3 Qd8 9. h3 0-0 10. Be2 Nbd7 11. 0-0 Nb6 12. Re1 Nbd5 13. Bc4 Nxe3 14. fxe3 a6 15. a4 Qc7 16. b3 Rb8 17. Rc1 Qg3 18. Ne2 Qd6 19. Nc3 Bh6 20. Qe2 Be6 21. Ne5 Rfd8 22. Rcd1 Bxc4 23. bxc4 Qb4 24. Qc2 Qa5 25. Rb1 Nd7 26. Nf3 e5 27. Nd5 Bg7 28. Re2 exd4 29. exd4 Nf6 30. Nb6 Nd7 31. Nd5 Nf6 32. Nf4 Nh5 33. Nd5 Nf6 1/2-1/2

[Event "COL-ch U20"]
[Site "Bogota"]
[Date "2025.01.31"]
[Round "4"]
[White "Gutierrez Pama, Andres Mauricio"]
[Black "Gonzalez Pereira, Jose David"]
[Result "1-0"]
[WhiteElo "1729"]
[BlackElo "1899"]
[PlyCount "81"]
[EventDate "2025.01.29"]
[EventType "tourn"]
[EventRounds "9"]
[EventCountry "COL"]
[SourceTitle "CB06_2025"]
[SourceDate "2025.02.05"]
[SourceVersion "1"]
[SourceVersionDate "2025.02.05"]
[SourceQuality "1"]

1. e4 c5 2. Nf3 e6 3. c3 d5 4. exd5 exd5 5. d4 Nf6 6. h3 Be7 7. Bd3 0-0 8. 0-0 Qb6 9. Nbd2 Nc6 10. dxc5 Bxc5 11. Nb3 Bd6 12. Be3 Qc7 13. Nbd4 a6 14. Rc1 Bf4 15. Re1 Bd7 16. c4 dxc4 17. Rxc4 Bxe3 18. Rxe3 Qa5 19. a3 Nxd4 20. Nxd4 Rfe8 21. b4 Qb6 22. Qf3 Rxe3 23. fxe3 Rc8 24. Rxc8+ Bxc8 25. Qf4 Qd8 26. Qb8 Qe8 27. Kf2 Kf8 28. b5 axb5 29. Nxb5 Qd7 30. Nd6 Ne8 31. Nxe8 Kxe8 32. Qe5+ Kf8 33. Bxh7 g6 34. g4 Qd2+ 35. Kg3 Qe1+ 36. Kf4 Qf2+ 37. Kg5 Qc2 38. Qd6+ Kg7 39. Qf6+ Kf8 40. Qd8+ Kg7 41. Qg8# 1-0

[Event "COL-ch U18"]
[Site "Florencia Caqueta"]
[Date "2024.10.06"]
[Round "3"]
[White "Banol Banol, Jose Daniel"]
[Black "Gutierrez Pama, Andres Mauricio"]
[Result "1/2-1/2"]
[WhiteElo "1950"]
[BlackElo "1931"]
[PlyCount "174"]
[EventDate "2024.10.06"]
[EventType "swiss (blitz)"]
[EventRounds "9"]
[EventCountry "COL"]
[SourceTitle "CB44_2024"]
[Source "Chessbase"]
[SourceDate "2024.10.30"]
[SourceVersion "1"]
[SourceVersionDate "2024.10.30"]
[SourceQuality "1"]

1. d4 Nf6 2. g3 e6 3. Nf3 d5 4. Bg2 Nbd7 5. 0-0 Bd6 6. b3 0-0 7. Bb2 Re8 8. c4 c6 9. Ne5 Nf8 10. Qc2 N6d7 11. Rd1 Qf6 12. e4 Nxe5 13. dxe5 Bxe5 14. Bxe5 Qxe5 15. exd5 exd5 16. cxd5 cxd5 17. Nc3 Be6 18. Nxd5 Bxd5 19. Bxd5 Rab8 20. Qc4 Ne6 21. Rac1 Qf6 22. Rc3 Rbd8 23. Rf3 Qg5 24. Re3 Qf6 25. Rde1 Re7 26. Bxe6 fxe6 27. Rxe6 Rxe6 28. Rxe6 Qf7 29. Re4 Rd1+ 30. Kg2 Rd8 31. Rf4 Qxc4 32. Rxc4 Rd2 33. a4 Rd7 34. Rc8+ Kf7 35. Kf1 h6 36. Rc3 b6 37. Ke2 Re7+ 38. Kf3 Kf6 39. h4 g6 40. Kf4 Rf7 41. Rc6+ Kg7+ 42. Ke3 Re7+ 43. Kd4 Rd7+ 44. Ke5 Kf7 45. Rf6+ Kg7 46. Rd6 Rc7 47. Kd4 Kf7 48. f4 Re7 49. g4 Kg7 50. f5 gxf5 51. gxf5 Rc7 52. h5 Rb7 53. Kd5 Rc7 54. Ke6 Rc5 55. Rd7+ Kf8 56. Rd6 Rc1 57. Kf6 Ke8 58. Re6+ Kf8 59. Rd6 Ke8 60. Kg6 Rf1 61. Re6+ Kf8 62. Rf6+ Ke7 63. Rf7+ Ke8 64. Rh7 a6 65. Rxh6 b5 66. axb5 axb5 67. Rh8+ Ke7 68. Rb8 Rg1+ 69. Kh6 Kf6 70. Rxb5 Rg2 71. Kh7 Rg7+ 72. Kh8 Rc7 73. Rb8 Kxf5 74. h6 Kg6 75. b4 Rh7+ 76. Kg8 Rd7 77. h7 Rg7+ 78. Kh8 Rxh7+ 79. Kg8 Rg7+ 80. Kf8 Rc7 81. Ke8 Kf6 82. Kd8 Rc1 83. Rc8 Rb1 84. Rb8 Ke6 85. Kc7 Kd5 86. Kb6 Rxb4+ 87. Kc7 Kd4 1/2-1/2

[Event "COL-ch U18"]
[Site "Florencia Caqueta"]
[Date "2024.10.06"]
[Round "5"]
[White "Perez Latorre, Juan Sebastian"]
[Black "Gutierrez Pama, Andres Mauricio"]
[Result "0-1"]
[WhiteElo "1868"]
[BlackElo "1931"]
[PlyCount "106"]
[EventDate "2024.10.06"]
[EventType "swiss (blitz)"]
[EventRounds "9"]
[EventCountry "COL"]
[SourceTitle "CB44_2024"]
[Source "Chessbase"]
[SourceDate "2024.10.30"]
[SourceVersion "1"]
[SourceVersionDate "2024.10.30"]
[SourceQuality "1"]

1. e4 c5 2. Nf3 Nc6 3. c3 e6 4. d4 d5 5. exd5 exd5 6. Be3 cxd4 7. Nxd4 Nf6 8. Be2 Be7 9. Nd2 0-0 10. 0-0 Re8 11. N2b3 Ne4 12. f3 Nf6 13. Bf2 Bd7 14. Bd3 Rc8 15. Qd2 Ne5 16. Rfe1 Nxd3 17. Qxd3 Bf8 18. Rxe8 Bxe8 19. Re1 Bd7 20. Nf5 g6 21. Nfd4 Bg7 22. Bg3 Nh5 23. Be5 Qg5 24. Bd6 Re8 25. Rxe8+ Bxe8 26. Qe2 Bd7 27. Qe7 Qxe7 28. Bxe7 Nf4 29. Nc5 Bc6 30. Bg5 Bxd4+ 31. cxd4 Ne2+ 32. Kf2 Nxd4 33. Be3 Nf5 34. Bd2 a6 35. Nd3 f6 36. Nb4 Kf7 37. Nxc6 bxc6 38. g4 Nd6 39. Bb4 Nc4 40. b3 Ne5 41. h3 Nd3+ 42. Ke3 Nxb4 43. Kd4 Nxa2 44. Kc5 Nc1 45. b4 Nb3+ 46. Kxc6 d4 47. Kb6 d3 48. Kxa6 d2 49. b5 d1Q 50. b6 Qd3+ 51. Ka7 Nc5 52. b7 Qa6+ 53. Kb8 Qxb7# 0-1

[Event "COL-ch U18"]
[Site "Ibague"]
[Date "2024.03.16"]
[Round "5"]
[White "Contreras Gonzalez, Cristian David"]
[Black "Gutierrez Pama, Andres Mauricio"]
[Result "1/2-1/2"]
[WhiteElo "1558"]
[BlackElo "1758"]
[PlyCount "101"]
[EventDate "2024.03.14"]
[EventType "swiss"]
[EventRounds "7"]
[EventCountry "COL"]
[SourceTitle "CBM 219 Extra"]
[Source "ChessBase"]
[SourceDate "2024.05.31"]
[SourceVersion "1"]
[SourceVersionDate "2024.05.31"]
[SourceQuality "1"]

1. d4 Nf6 2. Nf3 d5 3. Bf4 c6 4. e3 Bf5 5. c3 Nbd7 6. Nbd2 Ne4 7. Be2 Ndf6 8. h3 h6 9. Qb3 b5 10. Ne5 Nxd2 11. Kxd2 Ne4+ 12. Ke1 Qb6 13. f3 Nf6 14. Nxc6 a6 15. Ne5 g5 16. Bh2 Bg7 17. g4 Be6 18. Bd3 0-0 19. h4 Rfc8 20. hxg5 hxg5 21. a3 Ra7 22. Ke2 Rb7 23. Bg3 a5 24. Qc2 b4 25. axb4 axb4 26. Ba6 bxc3 27. Bxb7 Qxb7 28. bxc3 Qb5+ 29. Kd2 Qe8 30. Rh2 Qb5 31. Qb1 Qe8 32. Kc2 Nd7 33. Nxd7 Qxd7 34. Kd2 f6 35. Qb6 Rc6 36. Ra8+ Kf7 37. Qa7 Qxa7 38. Rxa7 Rb6 39. Kc1 f5 40. gxf5 Bxf5 41. Rb2 Rc6 42. Kd2 g4 43. fxg4 Bxg4 44. Ra1 Ke6 45. Bf4 Bf6 46. Rg1 Kf5 47. Kd3 Bf3 48. Ra1 Rc8 49. Rb8 Rc6 50. Rb2 Be4+ 51. Kd2 1/2-1/2

[Event "COL-ch U18"]
[Site "Ibague"]
[Date "2024.03.16"]
[Round "4"]
[White "Gutierrez Pama, Andres Mauricio"]
[Black "Guevara Garcia, Miguel Angel"]
[Result "1/2-1/2"]
[WhiteElo "1758"]
[BlackElo "1618"]
[PlyCount "123"]
[EventDate "2024.03.14"]
[EventType "swiss"]
[EventRounds "7"]
[EventCountry "COL"]
[SourceTitle "CBM 219 Extra"]
[Source "ChessBase"]
[SourceDate "2024.05.31"]
[SourceVersion "1"]
[SourceVersionDate "2024.05.31"]
[SourceQuality "1"]

1. e4 e6 2. d4 d5 3. exd5 exd5 4. c4 Nf6 5. Nc3 h6 6. Qb3 c6 7. Bd3 Bd6 8. Nf3 Qe7+ 9. Be2 dxc4 10. Qxc4 Be6 11. Qd3 Nbd7 12. 0-0 0-0 13. Re1 Nd5 14. Bf1 Qf6 15. Ne4 Qe7 16. Nxd6 Qxd6 17. Bd2 Rfe8 18. h3 Nf4 19. Qe4 Ng6 20. Qd3 Rad8 21. Be3 Nb6 22. Qc2 Nd5 23. a3 Nxe3 24. Rxe3 Nf4 25. Rae1 Nd5 26. R3e2 Nb6 27. Re4 Kf8 28. Bd3 Re7 29. Ne5 Rc7 30. Ng6+ Kg8 31. Nf4 Re8 32. Nxe6 fxe6 33. Rg4 Rf8 34. Qe2 Re7 35. Qe4 Rf5 36. Rg6 Rf4 37. Qe2 Rxd4 38. Bf5 exf5 39. Qxe7 Qxg6 40. Qxb7 Rd7 41. Qb8+ Kh7 42. Re8 Rd1+ 43. Kh2 Qd6+ 44. f4 Qxb8 45. Rxb8 Rd7 46. Re8 Kg6 47. Re6+ Kf7 48. Rxc6 Rb7 49. b4 Nd5 50. g3 Nb6 51. g4 fxg4 52. hxg4 Nd5 53. Kg3 Re7 54. Rd6 Nc3 55. Kf3 Nb5 56. Ra6 Re6 57. Ra5 a6 58. f5 Rd6 59. Ke4 Kf6 60. a4 Nc3+ 61. Kf3 Nd5 62. b5 1/2-1/2

[Event "COL-ch U18"]
[Site "Ibague"]
[Date "2024.03.15"]
[Round "3"]
[White "Diaz Uchima, Emmanuel Santiago"]
[Black "Gutierrez Pama, Andres Mauricio"]
[Result "1/2-1/2"]
[WhiteElo "1536"]
[BlackElo "1758"]
[PlyCount "122"]
[EventDate "2024.03.14"]
[EventType "swiss"]
[EventRounds "7"]
[EventCountry "COL"]
[SourceTitle "CBM 219 Extra"]
[Source "ChessBase"]
[SourceDate "2024.05.31"]
[SourceVersion "1"]
[SourceVersionDate "2024.05.31"]
[SourceQuality "1"]

1. e4 c5 2. Nc3 Nc6 3. Bc4 Nf6 4. d3 e6 5. Nf3 d5 6. exd5 exd5 7. Bb5 Be7 8. Ne5 Bd7 9. Nxd7 Qxd7 10. 0-0 0-0 11. Re1 Rfe8 12. Bf4 a6 13. Bxc6 Qxc6 14. d4 cxd4 15. Qxd4 Bc5 16. Qd3 d4 17. Ne2 Rad8 18. Ng3 Nd5 19. Qf3 Nxf4 20. Qxf4 Bd6 21. Qd2 Qb6 22. b3 Bb4 23. Rxe8+ Rxe8 24. Qd3 Bc3 25. Rd1 Qe6 26. Qf5 Qxf5 27. Nxf5 Re2 28. h3 Rxc2 29. Nxd4 Bxd4 30. Rxd4 g6 31. a4 Rc6 32. f3 Rb6 33. b4 Kg7 34. Kf2 Rc6 35. Ke3 Kf6 36. Rf4+ Ke6 37. Re4+ Kd7 38. Rd4+ Kc7 39. Kd3 b5 40. a5 Rc1 41. Re4 Kd7 42. Rd4+ Kc6 43. Re4 Rd1+ 44. Kc3 Rg1 45. Re7 Rxg2 46. Rxf7 Kd5 47. Rxh7 Rg3 48. Rf7 Rxh3 49. Rf6 Rg3 50. Rxa6 Rxf3+ 51. Kc2 Rg3 52. Rf6 g5 53. a6 Kc4 54. a7 Ra3 55. Rf5 Ra2+ 56. Kb1 Rxa7 57. Rxg5 Kxb4 58. Rg4+ Ka3 59. Rg3+ Ka4 60. Rg2 Rf7 61. Ra2+ Kb4 1/2-1/2

[Event "COL-ch U18"]
[Site "Ibague"]
[Date "2024.03.14"]
[Round "1"]
[White "Garcia Hernandez, Juan Esteban"]
[Black "Gutierrez Pama, Andres Mauricio"]
[Result "0-1"]
[WhiteElo "1400"]
[BlackElo "1758"]
[PlyCount "38"]
[EventDate "2024.03.14"]
[EventType "swiss"]
[EventRounds "7"]
[EventCountry "COL"]
[SourceTitle "CBM 219 Extra"]
[Source "ChessBase"]
[SourceDate "2024.05.31"]
[SourceVersion "1"]
[SourceVersionDate "2024.05.31"]
[SourceQuality "1"]

1. e4 c5 2. Nc3 Nc6 3. Nf3 Nf6 4. a4 e6 5. h3 d5 6. d3 dxe4 7. dxe4 Qxd1+ 8. Nxd1 Nxe4 9. c3 Bd7 10. Bf4 Bd6 11. Bxd6 Nxd6 12. Ne3 0-0-0 13. Ng5 h6 14. Bb5 hxg5 15. Bxc6 Bxc6 16. f3 Nf5 17. Kf2 Rd2+ 18. Kf1 Nxe3+ 19. Kg1 Rxg2# 0-1

[Event "COL-chT"]
[Site "Risaralda"]
[Date "2023.11.20"]
[Round "3.2"]
[White "Corpus de Mares, Arnell"]
[Black "Gutierrez Pama, Andres Mauricio"]
[Result "0-1"]
[WhiteElo "1226"]
[BlackElo "1583"]
[PlyCount "69"]
[EventDate "2023.11.19"]
[EventType "team-swiss"]
[EventRounds "7"]
[EventCountry "COL"]
[SourceTitle "CBM 217 Extra"]
[Source "ChessBase"]
[SourceDate "2024.01.31"]
[SourceVersion "1"]
[SourceVersionDate "2024.01.31"]
[SourceQuality "1"]
[WhiteTeam "San Andres Islas"]
[BlackTeam "Caqueta"]
[WhiteTeamCountry "COL"]
[BlackTeamCountry "COL"]

1. e4 c5 2. Nf3 Nc6 3. Bc4 Nf6 4. d3 e6 5. e5 Ng4 6. Qe2 d5 7. exd6 Bxd6 8. h3 Nf6 9. Bg5 h6 10. Be3 b6 11. a3 Bb7 12. Nbd2 Qc7 13. Ne4 Nxe4 14. dxe4 0-0-0 15. 0-0-0 Ne5 16. Nxe5 Bxe5 17. f3 Bf4 18. Rd3 Rxd3 19. Bxd3 Bxe3+ 20. Qxe3 Qg3 21. Qe2 Rd8 22. Rf1 e5 23. Bc4 Qf4+ 24. Kb1 Rd2 25. Qe1 Rxg2 26. Qc3 Rd2 27. Rg1 g6 28. Rg4 Rd1+ 29. Ka2 Qf6 30. Qb3 Rd7 31. h4 Kc7 32. Qa4 Qxf3 33. Rg1 Qxe4 34. Qb3 Qxc4 35. Rh1 0-1

[Event "COL-chT Blitz"]
[Site "Santa Marta"]
[Date "2022.11.07"]
[Round "9.4"]
[White "Ossa, Orlando Jose"]
[Black "Gutierrez Pama, Andres Mauricio"]
[Result "1-0"]
[WhiteElo "2199"]
[BlackElo "1438"]
[PlyCount "155"]
[EventDate "2022.11.07"]
[EventType "team-swiss"]
[EventRounds "9"]
[EventCountry "COL"]
[SourceTitle "CBM 211 Extra"]
[Source "ChessBase"]
[SourceDate "2023.01.31"]
[SourceVersion "1"]
[SourceVersionDate "2023.01.31"]
[SourceQuality "1"]
[WhiteTeam "Valle II"]
[BlackTeam "Caqueta"]
[WhiteTeamCountry "COL"]
[BlackTeamCountry "COL"]

1. e4 c5 2. c3 d5 3. exd5 Qxd5 4. d4 Nc6 5. Nf3 Bg4 6. Nbd2 e6 7. Qa4 Bxf3 8. Nxf3 0-0-0 9. Be3 cxd4 10. Nxd4 Nxd4 11. Bxd4 e5 12. Be3 a6 13. Bc4 Qxg2 14. Ke2 Qg4+ 15. f3 Qg2+ 16. Bf2 Bc5 17. Rhf1 Bxf2 18. Rxf2 Rd2+ 19. Kxd2 Qxf2+ 20. Be2 Nf6 21. Qc4+ Kb8 22. Rf1 Rd8+ 23. Kc2 Qe3 24. Rd1 Rxd1 25. Bxd1 Qf2+ 26. Kb3 Qb6+ 27. Kc2 Qf2+ 28. Kb1 Qe1 29. Kc1 Qe3+ 30. Kc2 Qf2+ 31. Kd3 Qf1+ 32. Be2 Qb1+ 33. Ke3 Qc1+ 34. Kf2 Qxb2 35. Qxf7 Qxc3 36. Qxg7 Qd4+ 37. Kg2 Qf4 38. Qe7 Ka7 39. Qc5+ Kb8 40. Bc4 h5 41. Be6 Qg5+ 42. Kf1 Qf4 43. Qc3 h4 44. h3 Qg5 45. Ke2 Qf4 46. Kd1 e4 47. Qc8+ Ka7 48. Qc5+ Kb8 49. Qc8+ Ka7 50. fxe4 Nxe4 51. Qd7 Qf3+ 52. Kc2 Qc3+ 53. Kd1 Qf3+ 54. Ke1 Qe3+ 55. Kd1 Nf2+ 56. Kc2 Qc5+ 57. Kd2 Ne4+ 58. Kd3 Nf2+ 59. Ke2 Nxh3 60. Bxh3 Qe5+ 61. Kd3 Qg3+ 62. Kc4 Qf4+ 63. Qd4+ Qxd4+ 64. Kxd4 Kb6 65. Bg2 Kc7 66. Kc5 b6+ 67. Kd5 a5 68. Bh3 Kb7 69. Kd6 a4 70. Kd5 Ka6 71. Kc4 Ka5 72. Kc3 b5 73. a3 Kb6 74. Kb4 Ka6 75. Bg2 Kb6 76. Bf1 Ka6 77. Bh3 Kb6 78. Bf5 1-0

[Event "Pan American-ch School U13"]
[Site "Medellin"]
[Date "2019.11.12"]
[Round "2"]
[White "Gutierrez Pama, Andres Mauricio"]
[Black "Ramos Proano, Leonardo Josue"]
[Result "0-1"]
[WhiteElo "1401"]
[BlackElo "1707"]
[PlyCount "102"]
[EventDate "2019.11.12"]
[EventType "swiss"]
[EventRounds "9"]
[EventCountry "COL"]
[SourceTitle "CBM 193 Extra"]
[Source "ChessBase"]
[SourceDate "2020.01.31"]
[SourceVersion "1"]
[SourceVersionDate "2020.01.31"]
[SourceQuality "1"]

1. e4 c5 2. Nf3 e6 3. c3 d5 4. exd5 Qxd5 5. d4 Nc6 6. Be2 cxd4 7. cxd4 Nf6 8. Nc3 Qd8 9. Bf4 Nd5 10. Bg3 Bb4 11. Rc1 0-0 12. 0-0 Nxc3 13. bxc3 Bd6 14. Bxd6 Qxd6 15. Qc2 h6 16. Rfd1 Rd8 17. c4 b6 18. c5 bxc5 19. dxc5 Qc7 20. Rxd8+ Qxd8 21. Rd1 Qa5 22. h3 Bb7 23. Rd7 Nb4 24. Qb3 Bc6 25. Rd6 Qxc5 26. Rd4 Rb8 27. Rg4 h5 28. Rh4 g6 29. g4 Qe7 30. g5 Bxf3 31. Qxf3 Qxg5+ 32. Qg3 Qxg3+ 33. fxg3 Nxa2 34. Ra4 Nc3 35. Rxa7 Nxe2+ 36. Kf2 Nc3 37. Ke3 Nd5+ 38. Kf2 Rb2+ 39. Kf3 Rh2 40. h4 f5 41. Rd7 Kf8 42. Rb7 e5 43. g4 hxg4+ 44. Kg3 Rh3+ 45. Kg2 Nf4+ 46. Kf2 g3+ 47. Kg1 g2 48. Kf2 Rf3+ 49. Kxf3 g1Q 50. Rb8+ Kg7 51. Rb7+ Kh6 0-1